书目信息 |
| 题名: |
生物无机化学原理
|
|
| 作者: | 杨频 , 高飞 编著 | |
| 分册: | ||
| 出版信息: | 北京 科学出版社 2002.05 |
|
| 页数: | 628页 | |
| 开本: | 31cm | |
| 丛书名: | 山西大学百年校庆学术丛书 | |
| 单 册: | ||
| 中图分类: | Q5 , Q5 | |
| 科图分类: | ||
| 主题词: | 生物化学--sheng wu hua xue--无机化学 | |
| 电子资源: | ||
| ISBN: | 7-03-010276-2 | |
| 000 | 00956nam 2200289 450 | |
| 001 | G012002004885 | |
| 005 | 20030414112540.0 | |
| 010 | @a7-03-010276-2@b精装@d80.00CNY | |
| 099 | @aCAL 012002141478 | |
| 100 | @a20030414d2002 ekmy0chiy0121 ea | |
| 101 | 0 | @achi |
| 102 | @aCN@b110000 | |
| 105 | @aak a 000yy | |
| 200 | 1 | @a生物无机化学原理@Asheng wu wu ji hua xue yuan li@f杨频, 高飞编著 |
| 210 | @a北京@c科学出版社@d2002.05 | |
| 215 | @a628页@c图@d31cm | |
| 225 | 2 | @a山西大学百年校庆学术丛书@Ashan xi da xue bai nian xiao qing xue shu cong shu |
| 320 | @a有书目 | |
| 330 | @a本书系统地介绍了生物无机化学主要领域最新发展的基本知识、基本理论和主要研究方法。 | |
| 410 | 0 | @12001 @a山西大学百年校庆学术丛书 |
| 461 | 0 | @12001 @a山西大学百年校庆学术丛书 |
| 606 | 0 | @a生物化学@Asheng wu hua xue@x无机化学 |
| 690 | @aQ5@v4 | |
| 690 | @aQ5@v4 | |
| 701 | 0 | @a杨频@Ayang pin@4编著 |
| 701 | 0 | @a高飞@Agao fei@4编著 |
| 905 | @a10447@dQ5@eY245 | |
| 生物无机化学原理/杨频, 高飞编著.-北京:科学出版社,2002.05 |
| 628页:图;31cm.-(山西大学百年校庆学术丛书) |
| ISBN 7-03-010276-2(精装):80.00CNY |
| 本书系统地介绍了生物无机化学主要领域最新发展的基本知识、基本理论和主要研究方法。 |
| ● |
| 相关链接 |
|
|
|
正题名:生物无机化学原理
索取号:Q5/Y245
 
预约/预借
| 序号 | 登录号 | 条形码 | 馆藏地/架位号 | 状态 | 备注 |
| 1 | 551128 | 205511285 | 自科二线504/504自科库 47排4列4层/ [索取号:Q5/Y245] | 在馆 | |
| 2 | 551129 | 205511294 | 自科二线504/504自科库 47排4列4层/ [索取号:Q5/Y245] | 在馆 | |
| 3 | 551130 | 205511301 | 自科库401/401自科库 28排4列1层/ [索取号:Q5/Y245] | 在馆 | |
| 4 | 551131 | 205511310 | 自科库401/401自科库 28排4列1层/ [索取号:Q5/Y245] | 在馆 |